Decorative Design History in Indian Textile (Record no. 2527)

MARC details
000 -LEADER
fixed length control field 00343nam a2200133Ia 4500
008 - FIXED-LENGTH DATA ELEMENTS--GENERAL INFORMATION
fixed length control field 191201s2005 xx 000 0 und d
100 ## - MAIN ENTRY--PERSONAL NAME
Personal name BHATNAGAR, Parul
245 #0 - TITLE STATEMENT
Title Decorative Design History in Indian Textile
250 ## - EDITION STATEMENT
Edition statement 1st
260 ## - PUBLICATION, DISTRIBUTION, ETC. (IMPRINT)
Place of publication, distribution, etc N.Delhi
Name of publisher, distributor, etc Abhishek Publications
Date of publication, distribution, etc 2005
300 ## - PHYSICAL DESCRIPTION
Extent 170
650 ## - SUBJECT ADDED ENTRY--TOPICAL TERM
Topical term or geographic name as entry element B.Tech(TE)
942 ## - ADDED ENTRY ELEMENTS (KOHA)
Source of classification or shelving scheme Dewey Decimal Classification
Koha item type Text Books
Holdings
Withdrawn status Lost status Source of classification or shelving scheme Damaged status Not for loan Collection code Home library Current library Date acquired Source of acquisition Cost, normal purchase price Bill Number Total Checkouts Acc. no. / Barcode Checked out Date last seen Date last borrowed Bill Date Koha item type
    Dewey Decimal Classification     B.Tech(TE) PIET C-LIBRARY PIET C-LIBRARY 17/01/2007 Abhishek Publications 1495.00 7984 1 5322 16/05/2024 18/11/2023 18/11/2023 09/02/2006 Text Books
    Dewey Decimal Classification     B.Tech(TE) PIET C-LIBRARY PIET C-LIBRARY 17/01/2007 Abhishek Publications 1495.00 7984 1 5323   16/12/2020 21/11/2020 09/02/2006 Text Books

Design & Developed by: PIET Central Library
R70 Miles Stone Pattikalyana Samalkha Panipat 132102
mail ID :- [email protected], Phone No:- 0180-2569700 Ex.216